000 00757cam a22002651 4500
001 31186
003 BD-RjUL
005 20211209051653.0
008 140413s1959 enka b 000 0 eng
035 _a(BD-RjUL)31273
035 _a(OCoLC)5331478
040 _aDLC
_cKWiU
_dDLC
_dBD-RjUL
_beng
041 _aeng
082 0 0 _a133.4
_bMEV 1959
100 1 _aMétraux, Alfred,
_d1902-1963.
_994843
245 0 0 _aVoodoo in Haiti /
_c Alfred Métraux; Translated by Hugo Charteris.
260 _aLondon :
_bA. Deutsch,
_cc1959.
300 _a400 p. :
_billus. ;
_c22 cm.
504 _aIncludes bibliography.
650 0 _aVodou.
_994844
650 0 _aFolklore
_zHaiti.
_994845
942 _2ddc
_cBK
999 _c31186
_d31186